000 00543nam a22002057a 4500
003 LK-CoDNM
005 20250205133039.0
008 250205b |||||||| |||| 00| 0 eng d
040 _aLK-CoDNM
_dLK-CoDNM
_eLK-CoDNM
041 _aeng
080 _a13
_bu4
100 _aParker t. Jeffrey, William A. Haswell
245 _aA Text - Book Of Zoology - Volume II
260 _aLondon
_bMacmillan And Co, Limited
_g1930
300 _axxii, 722p. ; ill ; 22 cm
650 _aScience
650 _aZoology
650 _aAnimal
942 _cBK
999 _c237789
_d237789